000 00691nam a2200241 i 4500
001 C2-0096695
003 PPAK
005 20180727093745.0
008 970520s1975 my |||| ||||| | eng d
040 _aPPAK
_beng
_cPPAK
_erda
082 0 4 _a428.6
_223
090 0 0 _a428.6
_bSEN
_dG
090 0 0 _a428.6
_bSEN
_dKIH
090 0 0 _a428.6
_bSEN
_dKSI
100 1 _aSeng, Tan Kok,
_eauthor
245 1 0 _aEye on the world
_bthe third and concluding volume of autobiography
264 1 _aKuala Lumpur :
_bHeinemann Educational Books ,
_c1975
300 _a211 pages ;
_c18 cm
336 _2rdacontent
_atext
337 _2rdamedia
_aunmediated
338 _2rdacarrier
_avolume
942 _ddc
_cB
999 _c20989
_d20989